Petit Bac (Géographie) - Lettre U - Statistiques

Statistiques générales
  • Ce quiz a été pris 312 fois
  • Le résultat moyen est 4 sur 8
Statistiques - réponses
Thèmes Mots commencant par U % Correct
Pays européen Ukraine
95%
Pays américain Uruguay
86%
États des États-Unis Utah
82%
Commune française Urville / Ussel / Unzent / Usson / Urgosse + 113
48%
Ville allemande de plus de 50 000 habitants Ulm / Unna
34%
Canton suisse Uri
24%
Ville suédoise de plus de 10 000 habitants Uppsala / Umeå / Uddevalla / Upplands Väsby
18%
Ville chinoise de plus d'un million d'habitants Ürümqi
13%
Aucun quiz correspondant
Distribution des résultats
% des personnes avec chaque résultat
Percentile par nombre de réponses
Votre historique - résultats
Vous n’avez pas pris ce quiz